| 000 | 01463nam a2200361 a 4500 | ||
|---|---|---|---|
| 001 | 000020887 | ||
| 003 | DO-SdBNP | ||
| 005 | 20170918101212.0 | ||
| 007 | 000020887 | ||
| 008 | 100823s2003 dr ac 001 0 spa d | ||
| 020 | _a9993400084 | ||
| 040 |
_aBPMSU _bspa _cBPMSU |
||
| 041 | 1 | 7 |
_aspa _heng |
| 082 | 4 |
_aR709.7293 _bG377e, 2003 |
|
| 100 | 1 |
_aGerón, Cándido, _d1950- |
|
| 245 | 1 | 0 |
_aEnciclopedia de las artes plásticas dominicanas : _b1844-2003 / _cCándido Gerón ; traducción Altagracia Amelia Cabral ; ilustración Víctor Eugenio Cortina. |
| 246 | 1 | _aEncyclopedia of Dominican plastic arts 1844-2003 | |
| 250 | _a5a ed. aumentada, actualizada y corregida. | ||
| 260 |
_aSanto Domingo : _bCorripio, _c2003. |
||
| 300 |
_a733 p. : _bil., retrs. ; _c31 cm. |
||
| 504 | _aIncluye referencias bibliográficas | ||
| 586 | _aPremio nacional de didáctica 1988 | ||
| 650 | 4 |
_aARTE DOMINICANA _y1844-2003 _vDICCIONARIOS, ENCICLOPEDIAS |
|
| 650 | 4 |
_aARTE MODERNO _zREPÚBLICA DOMINICANA _y1844-2003 _vDICCIONARIOS, ENCICLOPEDIAS |
|
| 650 | 4 |
_aPINTURAS DOMINICANAS _y1844-2003 _vDICCIONARIOS, ENCICLOPEDIAS |
|
| 650 | 4 |
_aARTISTAS DOMINICANOS _xBIOGRAFÍAS _y1844-2003 _vDICCIONARIOS, ENCICLOPEDIAS |
|
| 700 | 1 | 2 |
_aCabral, Altagracia Amelia, _etr. |
| 700 | 1 | 2 |
_aCortina, Víctor Eugenio, _eil. |
| 910 | _aValidado. Control de calidad BNPHU | ||
| 942 |
_2ddc _cBK |
||
| 945 | _aInventariado, 2017/MFF | ||
| 956 |
_aVMATEO _b10 _c20140423 _lBPMSU _h0069 |
||
| 999 |
_c7203 _d7203 |
||